Tales once told : legends of Kerala adapted from Kottarathil Sankunni's eithihyamala (Record no. 52436)
[ view plain ]
| 000 -LEADER | |
|---|---|
| fixed length control field | 00623nam a2200193 a 4500 |
| 005 - DATE AND TIME OF LATEST TRANSACTION | |
| control field | 20150417143741.0 |
| 008 - FIXED-LENGTH DATA ELEMENTS--GENERAL INFORMATION | |
| fixed length control field | 960221s1955 dcuabcdjdbkoqu001 0deng d |
| 020 ## - INTERNATIONAL STANDARD BOOK NUMBER | |
| International Standard Book Number | 014309968X |
| 080 ## - UNIVERSAL DECIMAL CLASSIFICATION NUMBER | |
| Universal Decimal Classification number | F |
| Item number | ERA/T CL |
| 100 ## - MAIN ENTRY--PERSONAL NAME | |
| Personal name | Eraly, Abraham |
| 245 ## - TITLE STATEMENT | |
| Title | Tales once told : legends of Kerala adapted from Kottarathil Sankunni's eithihyamala |
| 260 ## - PUBLICATION, DISTRIBUTION, ETC. (IMPRINT) | |
| Place of publication, distribution, etc | New Delhi |
| Name of publisher, distributor, etc | Penguin Books India |
| Date of publication, distribution, etc | 2006 |
| 300 ## - PHYSICAL DESCRIPTION | |
| Extent | viii, 200p |
| 500 ## - GENERAL NOTE | |
| General note | |
| 653 ## - INDEX TERM--UNCONTROLLED | |
| Uncontrolled term | Fiction- English literature |
| -- | Folk tales- Malayalam literature |
| -- | Folk tales- English literature |
| 700 ## - ADDED ENTRY--PERSONAL NAME | |
| Personal name | Sankunni, Kottarathil |
| 942 ## - ADDED ENTRY ELEMENTS (KOHA) | |
| item type | Children Collection |
| 003 - CONTROL NUMBER IDENTIFIER | |
| control field | ViArRB |
| Lost status | Source of classification or shelving scheme | Not for loan | Home library | Current library | Date acquired | Total Checkouts | Full call number | Barcode | Date last seen | Date checked out | Price effective from | Koha item type |
|---|---|---|---|---|---|---|---|---|---|---|---|---|
| Universal Decimal Classification | University Library | University Library | 16/06/2010 | 11 | F ERA/T CL | 00057606 | 19/08/2023 | 25/07/2023 | 16/06/2010 | Children Collection |
